00151 a2200061 4500100001800000245004300018260002800061 aDr.M.A.Hijazi aMass Communication Theory and Practice aA.ONE PUBbLahorec1989